| 000 | 005970000a22001810004500 | ||
|---|---|---|---|
| 003 | MACL | ||
| 005 | 20160522152132.0 | ||
| 008 | 160522b xxu||||| |||| 00| 0 eng d | ||
| 040 |
_aMACL _cMACL |
||
| 041 | _aHindi | ||
| 082 | _a891.433 PAN | ||
| 100 |
_aपॉडे, हेमचन्द्र _958443 |
||
| 245 |
_aआधुनिक रूसी कहानी _cहेमचन्द्र पॉडे |
||
| 260 |
_bसाहित्य अकादेमी _c2004 _aनई दिल्ली |
||
| 350 | _a180 | ||
| 650 |
_aStory _958865 |
||
| 942 |
_cHIN _k800/PAN/S _2ddc |
||
| 999 |
_c10180 _d10180 |
||